| 000 | 00454 a2200157 4500 | ||
|---|---|---|---|
| 020 | _a9695080170 | ||
| 040 |
_aDLC _bDLC |
||
| 082 | _a491.439321 | ||
| 100 | _aM. Zaman | ||
| 245 |
_a21st Century Practical Dictionary English to English and Urdu _cM. Zaman, Naveed Akhtar |
||
| 260 |
_aLahore: _bRabia Book House. |
||
| 300 |
_a1000 p. ; _c25 cm. |
||
| 500 | _aIncludes Index | ||
| 650 | _aEnglish language--Dictionaries. | ||
| 942 |
_cBK _k491.439321 ZAM _2ddc |
||
| 999 |
_c4798 _d4798 |
||